000 002850000a22001450004500
003 MACL
040 _aMACL
090 _c3168
_d3168
100 _aMascaro, Juan
245 _aThe Upanishads
260 _bPenguin Books
_c1994
350 _a95
650 _aReligion
942 _cBOOK
_k294
999 _c3146
_d3146